000 00406nam a2200157 i 4500
001 bgj
100 1 _aCaldwell, Taylor
_d(1900-1985).
245 1 0 _aYour sins and mine /
_cTaylor Caldwell.
260 _aNew York :
_bPopular Library,
_cc. 1959.
300 _a126 pp ;
_c18 cm.
650 9 _aAmerican fiction
040 _cBPK
041 0 _aeng
942 _cKS
008 s uk f |000 0 eng
999 _c48625
_d48625
856 _uhttp://koha.tu.koszalin.pl/cgi-bin/koha/opac-detail.pl?biblionumber=48625
_yKatalog online BPK